000 01481namaa2200337 i 4500
003 EG-GICUC
005 20260420152103.0
008 260420s1988 ua |||jr|||| 001 p ara d
017 _a87 / 8988
_bدار الكتب والوثائق القومية (مصر)
020 _a9775050824
040 _aEG-GiCUC
_bara
_cEG-GiCUC
_dEG-GiCUC
_erda
082 0 4 _221
_a415.1
_bA3983
092 0 4 _221
_a415.1
_bA3983
099 _a415.1 A3983
100 1 _aأبو على الفارسى، الحسن بن أحمد
_d901 or 902-987
_eمؤلف.
245 1 _aكتاب الشعر أو شرح الأبيات المشكلة الإعراب /
_cلأبى على الفارسى الحسن بن أحمد بن عبد الغفار ؛ تحقيق وشرح الدكتور محمود محمد الطناحى.
250 _aالطبعة الاولى
264 _aالقاهرة(مصر) :
_bمكتبة الخانجى،
_c1988.
300 _aمجلد 2 (1-709) ؛
_c24 سم
336 _2rdacontent
_atext
337 _2rdamedia
_aUnmediated
338 _2rdacarrier
_avolume
504 _aيشتمل على ارجاعات ببليوجرافية وفهارس.
541 _aد. جابر عصفور ؛
_bالقاهرة ؛
_cإهداء ؛
_d2024.
650 1 7 _aاللغة العربية
_xالنحو
_2qrmak
650 1 7 _aالشعر العربى
_xتاريخ ونقد
_2qrmak
651 1 _2qrmak
700 1 _aالطناحى، محمود محمد
_eمحقق.
905 _aAya
942 _2ddc
_cBK
_e21
_n0
999 _c179613
_d179613